000 00894nam a2200253 a 4500
999 _c11494
_d11494
001 11494
003 BD-JhCC
005 20200228134007.0
008 190628b20182019bg |||| ||a| 000 0 Mul d
020 _a9789843461919
035 _a(BD-JhCC)11494
040 _aBD-JhCC
_dBD-JhCC
041 _aMul
082 _bNEW 2019
_a005.133
100 _aনিউটন, মু. আ. হাকিম
245 _aStructured C/C++ Programming /
_cমু. আ. হাকিম নিউটন, মোহাম্মদ কায়কোবাদ ।
260 _aঢাকা:
_bভয়েজার পাবলিকেশন্স;
_c২০১৯.
300 _a৫৮০ পৃ. :
_c২৬ সেমি.
650 _aComputer Program Language
650 _aProgramming House
700 _aকায়কোবাদ, মোহাম্মদ
942 _2ddc
_cBK
_04